Statistics for First Lines of Songs #1

Click here to take the quiz!

General Stats

  • This quiz has been taken 52,062 times
    (9,120 since last reset)
  • The average score is 11 of 21

Answer Stats

First Line Answer % Correct
Just a small town girl, livin' in a lonely worldDon't Stop Believin' / Journey
81%
I don't want a lot for Christmas / there is just one thing I needAll I Want For Christmas Is You /
Mariah Carey
81%
Tommy used to work on the docks / Unions been on strikeLivin' on a Prayer / Bon Jovi
63%
Today is gonna be the day that they're gonna throw it back to youWonderwall / Oasis
62%
Start spreading the news / I am leaving todayNew York, New York / Frank Sinatra
62%
I've paid my dues / Time after timeWe are the Champions / Queen
60%
Ground Control to Major TomSpace Oddity / David Bowie
59%
She was more like a beauty queen from a movie sceneBillie Jean / Michael Jackson
56%
She's got a smile that it seems to me / Reminds me of childhood memoriesSweet Child O' Mine / Guns N' Roses
54%
Goodbye Norma JeanCandle in the Wind / Elton John
52%
All the leaves are brown (all the leaves are brown) / and the sky is greyCalifornia Dreamin' /
The Mamas & The Papas
51%
I used to rule the world / Seas would rise when I gave the wordViva la Vida / Coldplay
49%
Go Shorty, it's your birthday / We gon' party like it's your birthdayIn da Club / 50 Cent
48%
Why do birds suddenly appear every time you are near?Close to You / The Carpenters
44%
What you gon' do with all that junk? / All that junk inside your trunk?My Humps / Black Eyed Peas
42%
An old man turned ninety-eight / He won the lottery and died the next dayIronic / Alanis Morissette
42%
I threw a wish in the well / Don't ask me, I'll never tellCall Me Maybe / Carly Rae Jepsen
40%
So, so you think you can tell / Heaven from Hell / Blue skies from painWish You Were Here / Pink Floyd
36%
It's been seven hours and fifteen days / Since you took your love awayNothing Compares 2 U /
Sinéad O'Connor
35%
Why men great 'till they gotta be great?Truth Hurts / Lizzo
21%
In the time of chimpanzees, I was a monkeyLoser / Beck
18%

Score Distribution

Percentile by Number Answered

Percent of People with Each Score

Your Score History

You have not taken this quiz since the last reset